<?xml version="1.0" encoding="UTF-8"?><?xml-stylesheet type="text/xsl" href="static/style.xsl"?><OAI-PMH xmlns="http://www.openarchives.org/OAI/2.0/" xmlns:xsi="http://www.w3.org/2001/XMLSchema-instance" xsi:schemaLocation="http://www.openarchives.org/OAI/2.0/ http://www.openarchives.org/OAI/2.0/OAI-PMH.xsd"><responseDate>2026-06-01T20:17:49Z</responseDate><request verb="GetRecord" identifier="oai:riubu.ubu.es:10259/4162" metadataPrefix="marc">https://riubu.ubu.es/oai/request</request><GetRecord><record><header><identifier>oai:riubu.ubu.es:10259/4162</identifier><datestamp>2021-11-10T09:38:22Z</datestamp><setSpec>com_10259_4145</setSpec><setSpec>com_10259_5086</setSpec><setSpec>com_10259_2604</setSpec><setSpec>col_10259_4146</setSpec></header><metadata><record xmlns="http://www.loc.gov/MARC21/slim" xmlns:doc="http://www.lyncode.com/xoai" xmlns:xsi="http://www.w3.org/2001/XMLSchema-instance" xmlns:dcterms="http://purl.org/dc/terms/" xsi:schemaLocation="http://www.loc.gov/MARC21/slim http://www.loc.gov/standards/marcxml/schema/MARC21slim.xsd">
<leader>00925njm 22002777a 4500</leader>
<datafield tag="042" ind1=" " ind2=" ">
<subfield code="a">dc</subfield>
</datafield>
<datafield tag="720" ind1=" " ind2=" ">
<subfield code="a">Andrés Zuñeda, María Maite</subfield>
<subfield code="e">author</subfield>
</datafield>
<datafield tag="720" ind1=" " ind2=" ">
<subfield code="a">Danón, Marta Azucena Pesa de</subfield>
<subfield code="e">author</subfield>
</datafield>
<datafield tag="720" ind1=" " ind2=" ">
<subfield code="a">Meneses Villagrá, Jesús Ángel</subfield>
<subfield code="e">author</subfield>
</datafield>
<datafield tag="260" ind1=" " ind2=" ">
<subfield code="c">2006</subfield>
</datafield>
<datafield tag="520" ind1=" " ind2=" ">
<subfield code="a">En este trabajo se presentan los resultados en relación al nivel de desarrollo conceptual de los estudiantes en la temática de ondas mecánicas, durante el trabajo de laboratorio fundamentado en la teoría de campos conceptuales de G. Vergnaud (Modelo MATLaF). El ensayo se llevó a cabo con&#xd;
estudiantes del profesorado de física, en el marco del curso de laboratorio III&#xd;
de la Universidad UPEL, Caracas, Venezuela. Se consideraron tres momentos del proceso para la recolección de datos: al inicio con tres cuestionarios y una entrevista colectiva; en el intermedio con las conclusiones derivadas por los estudiantes de su interacción con simulaciones; y al final con los reportes de&#xd;
laboratorio y un cuestionario. Los resultados muestran un desarrollo satisfactorio de las concepciones iniciales de los estudiantes, tanto por su aproximación a las ideas científicas como por su grado de sistematicidad y coherencia.</subfield>
</datafield>
<datafield tag="520" ind1=" " ind2=" ">
<subfield code="a">This paper reports the findings of the conceptual development in the theoretical domain of the students they carried out a laboratory work on mechanical wave according to the dynamic model of learning MATLaF. This&#xd;
model is based in Vergnaud’s conceptual fields theory. This study was carried out with students of physics teaching, in the laboratory III course at UPEL, Caracas, Venezuela. Three moments during the process for the gathering of&#xd;
data were considered: at the beginning with three questionnaires and a collective interview; in the middle with the conclusions derived by the students of their interaction with simulations; and at the end with the reports of laboratory and a questionnaire. The results show a satisfactory movement in the initial conceptions of the students, so much for their approach to the scientific ideas like for their degree of complexity.</subfield>
</datafield>
<datafield tag="024" ind2=" " ind1="8">
<subfield code="a">1579-1513</subfield>
</datafield>
<datafield tag="024" ind2=" " ind1="8">
<subfield code="a">http://hdl.handle.net/10259/4162</subfield>
</datafield>
<datafield ind1=" " ind2=" " tag="653">
<subfield code="a">desarrollo conceptual</subfield>
</datafield>
<datafield ind1=" " ind2=" " tag="653">
<subfield code="a">trabajo de laboratorio</subfield>
</datafield>
<datafield ind1=" " ind2=" " tag="653">
<subfield code="a">ondas mecánicas</subfield>
</datafield>
<datafield ind1=" " ind2=" " tag="653">
<subfield code="a">conceptual development</subfield>
</datafield>
<datafield ind1=" " ind2=" " tag="653">
<subfield code="a">laboratory work</subfield>
</datafield>
<datafield ind1=" " ind2=" " tag="653">
<subfield code="a">mechanical wave</subfield>
</datafield>
<datafield tag="245" ind1="0" ind2="0">
<subfield code="a">Desarrollo conceptual acerca de ondas mecánicas en un laboratorio guiado por el modelo MATLaF</subfield>
</datafield>
</record></metadata></record></GetRecord></OAI-PMH>